Directory of registered property receivers published (Record no. 67394)

MARC details
000 -LEADER
fixed length control field 01064cam a2200217 4500
001 - CONTROL NUMBER
control field WB3724-11
008 - FIXED-LENGTH DATA ELEMENTS--GENERAL INFORMATION
fixed length control field 000000n2001 000 0 eng u
035 ## - SYSTEM CONTROL NUMBER
System control number (Sirsi) u113173
245 ## - TITLE STATEMENT
Title Directory of registered property receivers published
260 ## - PUBLICATION, DISTRIBUTION, ETC.
Place of publication, distribution, etc. c2001
490 ## - SERIES STATEMENT
Series statement RICS Press Release
Volume/sequential designation (082) 15 June 2001, (1)
520 ## - SUMMARY, ETC.
Summary, etc. The newly published directory of registered property receivers lists members of the voluntary Fixed Charge Receivership Scheme, set up jointly by RICS, the Insolvency Practitioners Association and the Association of Chartered Certified Accountants. The activities of members of the scheme will all be overseen by a joint registration committee. To obtain copies of the directory contact Liz Weaver, RICS management consultancy faculty executive, on: 020 7695 1597; email: [email protected]
590 ## - LOCAL NOTE (RLIN)
Local note WB
650 ## - SUBJECT ADDED ENTRY--TOPICAL TERM
Topical term or geographic name entry element DIRECTORY
650 ## - SUBJECT ADDED ENTRY--TOPICAL TERM
Topical term or geographic name entry element FIXED CHARGE RECEIVERSHIP SCHEME
650 ## - SUBJECT ADDED ENTRY--TOPICAL TERM
Topical term or geographic name entry element RECEIVERSHIP
650 ## - SUBJECT ADDED ENTRY--TOPICAL TERM
Topical term or geographic name entry element Insolvency
9 (RLIN) 6247
650 ## - SUBJECT ADDED ENTRY--TOPICAL TERM
Topical term or geographic name entry element RICS
690 ## - LOCAL SUBJECT ADDED ENTRY--TOPICAL TERM (OCLC, RLIN)
Topical term or geographic name as entry element MANAGEMENT-BUSINESS MANAGEMENT
942 ## - ADDED ENTRY ELEMENTS (KOHA)
Suppress in OPAC 0
Holdings
Withdrawn status Lost status Source of classification or shelving scheme Damaged status Not for loan Home library Current library Shelving location Date acquired Total Checkouts Full call number Barcode Date last seen Copy number Price effective from Koha item type
    Dewey Decimal Classification     London London News article 20/06/2001   WB3724-11 113173-1001 06/08/2019 1 06/08/2019 News article